<?xml version="1.0" encoding="UTF-8"?><record xmlns="http://www.loc.gov/MARC21/slim" xmlns:zs="http://docs.oasis-open.org/ns/search-ws/sruResponse">
  <leader>00736cz  a2200181n  4500</leader>
  <controlfield tag="001">n  97056239 </controlfield>
  <controlfield tag="003">DLC</controlfield>
  <controlfield tag="005">20121113104246.0</controlfield>
  <controlfield tag="008">970530n| acannaab           |a aaa      </controlfield>
  <datafield ind1=" " ind2=" " tag="010">
    <subfield code="a">n  97056239 </subfield>
  </datafield>
  <datafield ind1=" " ind2=" " tag="040">
    <subfield code="a">DLC</subfield>
    <subfield code="c">DLC</subfield>
    <subfield code="d">DLC</subfield>
  </datafield>
  <datafield ind1="1" ind2=" " tag="100">
    <subfield code="a">Della Porta, Giacomo,</subfield>
    <subfield code="d">1532-1602</subfield>
  </datafield>
  <datafield ind1="1" ind2=" " tag="400">
    <subfield code="w">nnaa</subfield>
    <subfield code="a">Della Porta, Giacomo,</subfield>
    <subfield code="d">1538-1602</subfield>
  </datafield>
  <datafield ind1="1" ind2=" " tag="400">
    <subfield code="a">Porta, Giacomo della,</subfield>
    <subfield code="d">1532-1602</subfield>
  </datafield>
  <datafield ind1=" " ind2=" " tag="670">
    <subfield code="a">Restauri in piazza, c1995:</subfield>
    <subfield code="b">p. 51 (Giacomo Della Porta; architect)</subfield>
  </datafield>
  <datafield ind1=" " ind2=" " tag="670">
    <subfield code="a">LC manual cat.</subfield>
    <subfield code="b">(hdg.: Della Porta, Giacomo, 1538-1602)</subfield>
  </datafield>
  <datafield ind1=" " ind2=" " tag="670">
    <subfield code="a">Diz. biog. degli Ital.</subfield>
    <subfield code="b">(Della Porta, Giacomo; b. 1532, Porlezza, Como; d. 09-02-1602; sculptor, architect)</subfield>
  </datafield>
  <datafield ind1=" " ind2=" " tag="670">
    <subfield code="a">Encic. ital.</subfield>
    <subfield code="b">(Della Porta, Giacomo; b. ca. 1540, d. 1602; architect, sculptor)</subfield>
  </datafield>
</record>
